000 00636cam a22002173a 4500
001 34105
003 PGUSA
005 20140828083733.0
008 101020s2010||||xxu|||||s|||||000 | eng d
040 _aPGUSA
_beng
042 _adc
100 1 _aWallis, Arthur F.
245 1 0 _aIdonia :
_bA Romance of Old London
_h[electronic resource] /
_cArthur F. Wallis
260 _bProject Gutenberg,
_c2010
506 _aPublic domain in the USA.
516 _aElectronic text
700 1 _aBrock, C. E.
_q(Charles Edmund),
_d1870-1938
830 0 _aProject Gutenberg
_v34105
856 4 0 _uhttp://www.gutenberg.org/ebooks/34105
942 _cEB
999 _c263360
_d263360